| 000 | 00530nam a2200181 i 4500 | ||
|---|---|---|---|
| 001 | 132301 | ||
| 003 | ES-MaACL | ||
| 005 | 20250911063551.0 | ||
| 007 | t| | ||
| 008 | 070214s1948 ag r ||||1| spa d | ||
| 100 | 0 |
_aRomero, Francisco, _d1891-1962 _999324 |
|
| 245 | 1 | 3 |
_aUn maestro de América / _cFrancisco Romero. |
| 260 |
_aBuenos Aires : _b[s. n.], _c1948. |
||
| 300 |
_a3 h. ; _c23 cm. |
||
| 595 | _aSeparata de: Revista Iberoamericana, p. 250-253. | ||
| 852 |
_aES-MaACL _j1893-F-4 |
||
| 999 |
_c132301 _d132301 |
||